MARC

LEADER 00000nam0a2200000 4500
001 142279
005 20231031142708.0
035 |a (RuTPU)RU\TPU\book\154188 
090 |a 142279 
100 |a 20080903d1968 k y0rusy50 ca 
101 0 |a rus 
102 |a RU 
105 |a a z 001zy 
200 1 |a Критерии прочности и пластичности конструкционных материалов  |f И. И. Гольденблат, В. А. Копнов 
210 |a Москва  |c Машиностроение  |d 1968 
215 |a 192 с.  |c ил. 
320 |a Библиогр.: с. 183-190. 
610 1 |a критерии 
610 1 |a прочность 
610 1 |a пластичность 
610 1 |a конструкционные материалы 
610 1 |a изотропные материалы 
610 1 |a анизотропные материалы 
675 |a 620.11  |v 3 
700 1 |a Гольденблат  |b И. И.  |g Иосиф Израйлевич 
701 1 |a Копнов  |b В. А.  |g Валентин Алексеевич 
801 1 |a RU  |b 63413507  |c 20080903  |g PSBO 
801 2 |a RU  |b 63413507  |c 20210416  |g PSBO 
942 |c BK